000 00344nam a2200145Ia 4500
100 _aAnvoner S
650 _aCarpentery
942 _cBK
654 _aSolution Of Problm In Theory Of Machine
245 _aSolustion Of Problem In Theory Of Machine
260 _bSir Isaac Pitman
082 _a621.8
_bAnv
546 _aENGLISH
999 _c23461
_d23461